000 02091cam a22004577a 4500
003 CHAP
005 20241204124512.0
008 971208d1995 mx a r 00110 spa d
010 _a74716
011 _a75688
020 _a9688843342
035 _a85256
040 _cCHAP
082 0 4 _a581.87
_bG37
100 0 0 _aGarcía Hernández, Edith del Rocío.
_946116
245 1 0 _aLa pared celular :
_bcomponentes fundamentales de las células vegetales
_c/por Edith del R. García Hernández y Cecilia Beatriz Peña Valdivia
260 _aChapingo. Mex.;
_bUACH,
_c1995.
300 _a96 p. :
_bcuadros
590 _aBATCH-UPD
_b10
_c20130110
_lUCH01
_h0048
590 _aBATCH-UPD
_b10
_c20130110
_lUCH01
_h0825
590 _aBATCH-UPD
_b10
_c20130409
_lUCH01
_h2035
590 _aBATCH-UPD
_b10
_c20130410
_lUCH01
_h0503
590 _aBATCH-UPD
_b10
_c20130914
_lUCH01
_h0944
590 _aCONVERSION
_b10
_c20130109
_lUCH01
_h1341
650 1 4 _aCitología e histología vegetales.
_923495
700 1 _aPeña Valdivia, Cecilia Beatriz
_986847
901 _aBK
905 _aLilia Sánchez G.
942 _cLIBRO
949 _a581.87 G37
_bBC
_cLIBRO
_d33724000584413
_eLIBRO
_h92669
_i85256
_kDonaciØn
_si
949 _a581.87 G37
_bBC
_cLIBRO
_d33724000584421
_eLIBRO
_fc. 2
_h92670
_i85256
_kDonaciØn
_si
949 _a581.87 G37
_bBC
_cLIBRO
_d33724000584439
_eLIBRO
_fc. 3
_gDonaciØn
_h92671
_i85256
_si
949 _a581.87 G37
_bBC
_cLIBRO
_d33724000986154
_eLIBRO
_fc. 5
_gDonaciØn
_h107722
_i85256
_si
949 _a581.87 G37
_bBC
_cLIBRO
_dD_26FF6
_eLIBRO
_fc. 2
_h92669
_i85256
_kDonaciØn
_st
949 _a581.87 G37
_bBC
_cLIBRO
_dD_26FF7
_eLIBRO
_fc. 3
_h92669
_i85256
_kDonaciØn
_st
949 _a581.87 G37
_bBC
_cLIBRO
_dD_26FF8
_eLIBRO
_fc. 4
_h92669
_i85256
_kDonaciØn
_st
949 _a581.87 G37
_bBC
_cLIBRO
_dD_26FFA
_eLIBRO
_fc. 2
_h92669
_i85256
_kDonaciØn
_st
949 _a581.87 G37
_bBC
_cLIBRO
_dD_26FFB
_eLIBRO
_fc. 3
_h92669
_i85256
_kDonaciØn
_st
949 _a581.87 G37
_bBC
_cLIBRO
_dD_26FFC
_eLIBRO
_fc. 4
_h92669
_i85256
_kDonaciØn
_st
949 _a581.87 G37
_bBC
_cUACH
_d852564
_eUACH
_fc. 4
_h92672
_i85256
_kDonaciØn
_sb
999 _c74716
_d74716